| 000 | 00799nmc a2200301 a 4500 | ||
|---|---|---|---|
| 003 | AR-BaBNM | ||
| 005 | 20251128205644.0 | ||
| 008 | 108019s1993 ||||||||||||||000 | spa|| | ||
| 020 | _a950-02-6326-2 | ||
| 040 | _cAR-BaBNM | ||
| 245 | 1 | 0 | _aCómo se escribe un cuento |
| 260 |
_aBuenos Aires _bEl Ateneo _c1993 |
||
| 300 | _axiv, 264 p. | ||
| 490 | 0 | _aEl taller del escritor | |
| 500 | _aContiene índice de fuentes en p. 261 | ||
| 650 | 4 | _aLITERATURA CLASICA | |
| 650 | 4 | _aCUENTO [FORMA Y GENERO LITERARIO] | |
| 650 | 4 | _aESCRITORES | |
| 650 | 4 | _aANTOLOGIAS | |
| 650 | 4 | _aCRITICA LITERARIA | |
| 653 | _aNARRATIVA | ||
| 653 | _aPRECEPTIVA LITERARIA | ||
| 653 | _aPOETICA | ||
| 655 | _aLITERATURA | ||
| 700 | 1 |
_aBrizuela, Leopoldo _ecompilador |
|
| 942 | _cBK | ||
| 998 | _cMARTIN | ||
| 999 |
_c12265 _d12265 |
||